000 00391nam a22001697a 4500
003 MPLRDC
005 20220104142929.0
008 210129b ||||| |||| 00| 0 eng d
082 _a307 STZ
100 _a沈殿忠编著
245 _a机遇
_c
250 _a一版一刷
260 _a
_b辽宁人民出版社
_c1986
300 _b
650 _a科学杂论
942 _cBK
_o307 STZ
999 _c35005
_d34995